00294 a2200097 450000100060000008200140000610000240002024500900004426000420013430000200017664616 a025.04SHY aShyama Balakrishnan aLibrary and Multimedia resources;bencyclopedia of library and information technology aNDbAnmol Publicastions Pvt Ltdc2001 avii, 281 p , Hb